Un hombre irracional = Irrational Man /

Tallennettuna:
Bibliografiset tiedot
Päätekijä: Allen, Woody (realización)
Muut tekijät: Allen, Woody (guión) (guión), Khondji, Darius (fotógrafo) (fotógrafo), Lepselter, Alisa (montaje) (montaje), Phoenix, Joaquin (actuación) (actuación), Stone, Emma (actuación) (actuación), Posey, Parker (actuación) (actuación)
Aineistotyyppi: Dia
Kieli:englanti
Aiheet:
Tagit: Lisää tagi
Ei tageja, Lisää ensimmäinen tagi!

MARC

LEADER 00000ngm^a2200000^a^4500
001 000383139
005 20250521000000.0
009 20260310120815.39
037 |a Acervo ITESO - Biblioteca 
041 |a ING 
082 |a 810.  |b ALL 
100 |a Allen, Woody  |e (realización) 
240 1 4 |a [Un hombre irracional] 
245 1 3 |a Un hombre irracional =  |b Irrational Man /  |c Realización de W. Allen. 
264 2 |a México :  |b Gussi [distribución] :  |b Videomax [distribución],  |c 2016, c2016 
300 |a 1 DVD regiones 1 y 4  |c (95 min.) 
336 |a imagen móvil bidimensional  |b tdi  |2 rdacontenido 
337 |a video  |b v  |2 rdamedio 
338 |a videodisco  |b vd  |2 rdasoporte 
545 0 |a Nacido en 1935 en Nueva York en el seno de un familia judía centroeuropea, el norteamericano Woody Allen comenzó en 1967 su carrera como director de cine. Ubicadas plenamente en el ámbito de la comedia, las seis películas que integran su primera etapa como realizador le permiten crear un personaje que alcanza gran popularidad y se instala definitivamente en su filmografía: el hombre tímido con un marcado aire judío, obsesionado por el sexo y el psicoanálisis, que se entiende mal con las mujeres y la vida práctica. Annie Hall (1977) demarcará un nuevo rumbo en su obra -que conserva el humor como uno de sus principales elementos, pero sin empeñarse en hacer reir a toda costa- y le ubicará como uno de los principales autores surgidos en la industria norteamericana durante la década de 1970. A partir de entonces, Allen ha filmado, con total libertad, una película por año. Manhattan (1979), uno de sus mayores éxitos de crítica, cierra la primera etapa de su colaboración con la actriz Diane Keaton, protagonista también de Annie Hall. El período 1982-1992 comprende su fructífera relación creativa con Mia Farrow, que incluye títulos como La rosa púrpura de El Cairo (1984), Hannah y sus hermanas (1986), Crímenes y pecados (1989) y Maridos y esposas (1992). Allen ha mantenido su reputación como un guionista sumamente ingenioso y un agudo observador de las relaciones de pareja, que en el más reciente tramo de su carrera ha ofrecido títulos tan significativos como Los enredos de Harry (1997). 
546 |a En inglés, con subtítulos opcionales: español, inglés 
649 |a XX 
650 |a Dramas Cinematográficos 
650 |a Cine Independiente -  |z EUA 
650 |a Cine Norteamericano -  |y 2010-2019 
650 |a Cine Norteamericano -  |y Siglo XXI 
650 |a Culpa 
650 |a Justicia e Injusticia 
650 |a Amor 
650 |a Relaciones de Pareja 
650 |a Relaciones Intergénero 
650 |a Asesinato 
650 |a Existencialismo Ateo 
650 |a Filosofía 
700 |a Allen, Woody  |e (guión) 
700 |a Khondji, Darius  |e (fotógrafo) 
700 |a Lepselter, Alisa  |e (montaje) 
700 |a Phoenix, Joaquin  |e (actuación) 
700 |a Stone, Emma  |e (actuación) 
700 |a Posey, Parker  |e (actuación) 
910 |a Fondo General 
920 |a Audiovisuales - DVDs 
940 |a Películas 
905 |a 302 
901 |a 0500277411  |b IT2  |c DVS  |i C152305  |u 20250521 
902 |a https://opac.biblio.iteso.mx/vufind/Record/000383139